Diccionario de filosofía abreviado

Furkejuvvon:
Bibliográfalaš dieđut
Váldodahkki: Ferrater Mora, José (Dahkki)
Materiálatiipa: Girji
Giella:espánnjágiella
Almmustuhtton: Buenos Aires Sudamericana 1970
Ráidu:Colección Indice
Fáttát:
Fáddágilkorat: Lasit fáddágilkoriid
Eai fáddágilkorat, Lasit vuosttaš fáddágilkora!

MARC

LEADER 00000cam a2200000 a 4500
001 UCK1831
003 CL-VaPUC
008 041126e19700000AG |||||||||||||||||spa|d
082 0 4 |a 103  |b FER  |2 21 
100 0 |a Ferrater Mora, José  |e author  |9 489717 
245 1 0 |a Diccionario de filosofía abreviado 
300 |a 478 p 
942 |c BK 
945 |d 20041126 00:00:00  |a cmena 
260 |a Buenos Aires  |b Sudamericana  |c 1970 
650 0 |a Diccionarios  |9 256200 
650 0 |a Filosofía   |9 223554 
650 0 |a Español  |9 255372 
583 |a last modification  |c 20150713 11:56:33  |k Rodrigo Vera 
490 0 |a Colección Indice 
999 |c 311632  |d 311630 
952 |0 0  |1 0  |4 0  |6 103_000000000000000_FER_1970  |7 0  |8 P  |9 381148  |a BIBARQ  |b BIBARQ  |d 2019-11-21  |i 4038630  |l 2  |m 2  |o 103 FER 1970  |p 4038630  |r 2025-01-20  |s 2024-10-21  |w 2019-11-21  |y BK  |k ARQ 
952 |0 0  |1 0  |3 erb  |4 0  |6 103_000000000000000_FER_1970  |7 0  |8 X  |9 381149  |a BIBEDU  |b BIBEDU  |e Villagrán Garnham, Jorge  |i 5186765  |o 103 FER 1970  |p 5186765  |r 2023-01-13  |w 2019-11-21  |y BK_X  |z Catalogado en:20150728  |k FIL